Kanthathayum vaidyuthiyum / (Record no. 333769)

MARC details
000 -LEADER
fixed length control field 00566cam a2200229ua 4500
020 ## - INTERNATIONAL STANDARD BOOK NUMBER
Terms of availability 16.00
041 ## - LANGUAGE CODE
Language code of text/sound track or separate title mal
Language code of original
082 ## - DEWEY DECIMAL CLASSIFICATION NUMBER
Classification number 537
Item number RAM/KA
100 ## - MAIN ENTRY--PERSONAL NAME
Personal name Rama Varma, .
245 ## - TITLE STATEMENT
Title Kanthathayum vaidyuthiyum /
Statement of responsibility, etc. Rama Varma.
Medium Textual Documents
250 ## - EDITION STATEMENT
Edition statement 1 /
Remainder of edition statement .
260 ## - PUBLICATION, DISTRIBUTION, ETC. (IMPRINT)
Place of publication, distribution, etc. Thiruvananthapuram :
Name of publisher, distributor, etc. State Instititute of Languages ,
Date of publication, distribution, etc. 1974.
300 ## - PHYSICAL DESCRIPTION
Extent 528 ; .
365 ## - TRADE PRICE
Price type code 16.00
504 ## - BIBLIOGRAPHY, ETC. NOTE
Bibliography, etc
942 ## - ADDED ENTRY ELEMENTS (KOHA)
Koha item type Books (General)
Holdings
Withdrawn status Lost status Damaged status Not for loan Home library Current library Date acquired Total Checkouts Full call number Barcode Date last seen Price effective from Koha item type Copy number
        Kelappaji College of Agricultural Engineering & Technology Library, Tavanur Kelappaji College of Agricultural Engineering & Technology Library, Tavanur 07/04/2012   537 KAU_KCAEFT-14333 03/09/2025 07/04/2012 Books (General)  
        Kelappaji College of Agricultural Engineering & Technology Library, Tavanur Kelappaji College of Agricultural Engineering & Technology Library, Tavanur 07/04/2012   537 KAU_KCAEFT-14337 03/09/2025 07/04/2012 Books (General) 2
Written off       Kelappaji College of Agricultural Engineering & Technology Library, Tavanur Kelappaji College of Agricultural Engineering & Technology Library, Tavanur 07/04/2012   537 KAU_KCAEFT-14335 03/09/2025 07/04/2012 Books (General) 3
        Kelappaji College of Agricultural Engineering & Technology Library, Tavanur Kelappaji College of Agricultural Engineering & Technology Library, Tavanur 07/04/2012   537 KAU_KCAEFT-14334 03/09/2025 07/04/2012 Books (General) 4
        Kelappaji College of Agricultural Engineering & Technology Library, Tavanur Kelappaji College of Agricultural Engineering & Technology Library, Tavanur 07/04/2012   537 KAU_KCAEFT-14336 03/09/2025 07/04/2012 Books (General) 5
Kerala Agricultural University Central Library
Thrissur-(Dt.), Kerala Pin:- 680656, India
Ph : (+91)(487) 2372219
E-mail: librarian@kau.in
Website: http://library.kau.in/